• 首页
  • 本馆介绍
  • 公告通知
  • 最新文献
  • 馆藏检索
  • 电子资源
  • 读者导购
  • 参考咨询
  • 我的图书馆
  • 登录
  • 详细信息显示
  • 放入我的书架
  • 预约/预借图书
  • 作者相关作品
  • 分类相关作品
  • 丛书相关作品
  • 出版社相关作品

书目信息

  • 表格格式
  • 工作单格式
  • 卡片格式
题名:
核物理电子仪器
    
 
作者: Санйи , 萨宁 著 ;石广 译
分册:  
出版信息: 北京   人民教育出版社  1961
页数: 314页
开本: 21cm
丛书名:
单 册:
中图分类: TL82
科图分类:
主题词: 核电子学:核物理学-电子仪器 , 电子仪器:核电子学-核物理学 , 核物理学:核电子学-电子仪器 , 核电子学--电子仪器
电子资源:
ISBN:
000 00862nam0 2200301 45 981
001 0630053703
005 20060812082157.06
010    @dCNY1.10
091    @a13010.646
100    @a19960527d1961 mk y0chiy0121 ea
101 1  @achi@crus
102    @aCN@b110000
105    @af z 000yy
106    @ar
200 10 @a核物理电子仪器@f(苏)萨宁,А.А.著@g石广等译@Ahe wu li dian zi yi qi
210    @a北京@c人民教育出版社@d1961
215    @a314页@c图@d21cm
300    @a学校内部使用
606    @a核电子学:核物理学-电子仪器
606    @a电子仪器:核电子学-核物理学
606    @a核物理学:核电子学-电子仪器
606 0  @a核电子学@x电子仪器
690    @aTL82@v3
701 A1 @aСанйи@bА.А.@f苏@4著@AСанйи
701  1 @a萨宁@bА.А.@f苏@4著@Asa ning
702  0 @a石广@4译@Ashi guang
801 0  @c20060812
905    @a10447@dTL82@e29
    
    核物理电子仪器/(苏)萨宁,А.А.著/石广等译.-北京:人民教育出版社,1961
    314页:图;21cm
    学校内部使用
    
    ISBN :CNY1.10
    
●
相关链接 在E读中查询图书 在五车中查询图书 在当当中查询图书 在豆瓣中查询图书


正题名:核物理电子仪器     索取号:TL82/29         预约/预借

序号 登录号 条形码 馆藏地/架位号 状态 备注
1 0452307   204523079   密集书库/ [索取号:TL82/29] 在馆    
唐山师范学院图书馆 欢迎您!
大连网信软件有限公司© 版权所有